[Event "Adolfo Pedrido Mem"]
[Site "Vilagarcia de Arousa ESP"]
[Date "2006.08.28"]
[Round "4"]
[White "Dimitrov,Vl"]
[Black "Perez,Yo"]
[Result "1-0"]
[WhiteElo "2454"]
[BlackElo "2290"]

1.c4 e5 2.g3 Nf6 3.Bg2 d5 4.cxd5 Nxd5 5.Nf3 Nc6 6.O-O Nb6 7.d3 Be7 8.a3 O-O
9.Nbd2 Be6 10.b4 f6 11.Bb2 a5 12.b5 Na7 13.d4 Nxb5 14.dxe5 a4 15.Qc2 c6 16.e3 f5
17.Rfc1 Qb8 18.Bf1 Rd8 19.Ne1 Rxd2 20.Qxd2 Qf8 21.Bd4 Nd5 22.Rcb1 Nxd4 23.exd4 b5
24.Qc1 Rc8 25.Nd3 Nb6 26.Nf4 Bc4 27.Bg2 Bg5 28.h4 Bh6 29.Rb4 Qd8 30.Qe3 Nd5
31.Bxd5+ Bxd5 32.Rc1 Qe8 33.Rc5 Bxf4 34.Qxf4 Qh5 35.Rxd5 cxd5 36.Rxb5 Qd1+
37.Kg2 h6 38.Rxd5 Qb1 39.e6 Rc1 40.Qxf5 Rg1+ 41.Kh3 Rxg3+ 42.fxg3 Qh1+ 43.Kg4  1-0

[Event "Adolfo Pedrido Mem"]
[Site "Vilagarcia de Arousa ESP"]
[Date "2006.08.28"]
[Round "4"]
[White "Perez Fungueiro,M"]
[Black "Nemeth,F"]
[Result "0-1"]
[WhiteElo "2194"]
[BlackElo "2458"]

1.c4 e5 2.g3 Nc6 3.Bg2 Bc5 4.Nc3 a6 5.e3 d6 6.Nge2 Ba7 7.b3 Nge7 8.Bb2 Bf5
9.d4 Qd7 10.Nd5 Rc8 11.Qd2 O-O 12.Rd1 Rfd8 13.O-O Ng6 14.b4 Bh3 15.f3 Re8
16.Rf2 Nce7 17.Nxe7+ Rxe7 18.Nc3 Bxg2 19.Kxg2 exd4 20.exd4 Rce8 21.Nd5 Re6
22.c5 c6 23.Nc3 d5 24.Re2 Rxe2+ 25.Nxe2 h5 26.Ng1 Ne7 27.Re1 Nf5 28.Rxe8+ Qxe8
29.Kf2 Bb8 30.Qe2 Qd8 31.f4 g6 32.Nf3 Qd7 33.h3 Bc7 34.Ne5 Bxe5 35.Qxe5 Ng7
36.Kg2 Qe6 37.a3 Qf5 38.Qxf5 Nxf5 39.Kf3 Kg7 40.g4 Ne7 41.Bc3 Ng8 42.a4 Nf6
43.a5 Ne4 44.Be1 Kf6 45.Ke3 Ke6 46.Kf3 Nf6 47.Bh4 Nh7 48.Be1 Nf8 49.Bf2 f6
50.Be1 Kf7 51.Bf2 Ne6 52.Be3 Nc7 53.Ke2 Nb5 54.Kd3 Kg7 55.Bc1 Kh6 56.Be3 hxg4
57.hxg4 f5 58.gxf5 gxf5 59.Ke2 Kh5 60.Kf3 Kh4 61.Bf2+ Kh3 62.Be3 Nc7 63.Bf2 Ne6
64.Bg1 Nf8 65.Be3 Ng6 66.Bf2 Nh4+ 67.Ke3 Kg4  0-1

[Event "Adolfo Pedrido Mem"]
[Site "Vilagarcia de Arousa ESP"]
[Date "2006.08.29"]
[Round "5"]
[White "Otero Ramirez,A"]
[Black "Vidal del Rio,M"]
[Result "0-1"]
[WhiteElo "1870"]
[BlackElo "2178"]

1.c4 e5 2.g3 d6 3.Bg2 g6 4.Nc3 Bg7 5.d3 c6 6.Nf3 f5 7.O-O Nf6 8.Bd2 h6 9.Qc1 Be6
10.b3 Nbd7 11.Rb1 d5 12.cxd5 Nxd5 13.e4 Nb4 14.Ne1 Nc5 15.Qa3 Nbxd3 16.Be3 Nxe1
17.Rfxe1 Nd7 18.Rbd1 Qc7 19.Rd6 Kf7 20.Rd3 Rhd8 21.Qc1 Qa5 22.Bxh6 Nc5 23.Rxd8 Rxd8
24.Bxg7 Nd3 25.Qg5 Kxg7 26.Qe7+ Bf7 27.Rd1 Re8 28.Qd7 Rd8 29.Qe7 Re8 30.Qd7 Nxf2
31.Kxf2 Qxc3 32.Rd2 Re6 33.Ke2 Qb4 34.Qd3 Rf6 35.Bf3 f4 36.g4 g5 37.Qd7 Rh6
38.Kf1 Qc3 39.Be2 Rxh2 40.Bc4 Qf3+ 41.Ke1 Rh1+  0-1

[Event "Adolfo Pedrido Mem"]
[Site "Vilagarcia de Arousa ESP"]
[Date "2006.08.30"]
[Round "6"]
[White "Dimitrov,Vl"]
[Black "Nemeth,F"]
[Result "1/2-1/2"]
[WhiteElo "2454"]
[BlackElo "2458"]

1.c4 e5 2.g3 Nf6 3.Bg2 Nc6 4.Nc3 Bc5 5.a3 a6 6.e3 d6 7.Nge2 Ba7 8.b4 O-O
9.Bb2 Bf5 10.d3 Rb8  1/2-1/2

[Event "3rd Open"]
[Site "Kalamaria GRE"]
[Date "2006.08.31"]
[Round "2"]
[White "Mastrovasilis,A"]
[Black "Kazantzidis,I"]
[Result "1-0"]
[WhiteElo "2521"]
[BlackElo "2015"]

1.c4 e5 2.g3 g6 3.d4 Bg7 4.dxe5 Bxe5 5.Nf3 Bg7 6.Nc3 b6 7.Qd5 Nc6 8.Ng5 Bxc3+
9.bxc3 Qe7 10.Ba3 Qf6 11.Ne4 Qe6 12.Bg2 Ba6 13.Ng5 Qxd5 14.Bxd5 Nh6 15.h4 Rc8
16.h5 Ne7 17.hxg6 hxg6 18.Ne4 Nxd5 19.cxd5 d6 20.c4 f6 21.Bb2 Kf7 22.Nxf6 Nf5
23.Nh7 Rhg8 24.Ng5+ Ke8 25.g4 Ne7 26.Rc1 c6 27.Ne4  1-0

[Event "Adolfo Pedrido Mem"]
[Site "Vilagarcia de Arousa ESP"]
[Date "2006.08.31"]
[Round "7"]
[White "Gil Reguera,J"]
[Black "Vidal del Rio,M"]
[Result "0-1"]
[WhiteElo "2261"]
[BlackElo "2178"]

1.c4 e5 2.g3 d6 3.Bg2 g6 4.Nc3 Bg7 5.e3 f5 6.Nge2 Nf6 7.d3 O-O 8.O-O c6 9.f4 Be6
10.h3 exf4 11.Nxf4 Bf7 12.Bd2 Re8 13.Qc2 Na6 14.Rae1 d5 15.cxd5 cxd5 16.d4 Ne4
17.Nxe4 dxe4 18.Qa4 Qd6 19.b3 Rec8 20.Rc1 Rab8 21.Rfe1 Bf6 22.b4 Rxc1 23.Rxc1 g5
24.Ne2 b5 25.Qc2 Bc4 26.Be1 Nxb4 27.Bxb4 Qxb4 28.g4 Qa3 29.Qc3 Qxc3 30.Nxc3 f4
31.Nxe4 Bg7 32.Kf2 fxe3+ 33.Kxe3 Rd8 34.Nxg5 Bxd4+ 35.Kf4 Bxa2 36.Rc7 b4
37.Be4 h6 38.Bh7+ Kh8 39.Nf7+ Bxf7 40.Rxf7 b3 41.Bf5 b2 42.g5 hxg5+ 43.Kxg5 Rd5
44.Kg6 Rxf5  0-1

[Event "5th Kesarovski - Georgiev Mem"]
[Site "Sunny Beach BUL"]
[Date "2006.09.02"]
[Round "1"]
[White "Lao,L"]
[Black "Todorov,O"]
[Result "0-1"]
[WhiteElo "1931"]
[BlackElo "2314"]

1.c4 e5 2.g3 Nf6 3.Bg2 c6 4.Nf3 e4 5.Nd4 d5 6.cxd5 Qxd5 7.Nc2 Qh5 8.Ne3 Bh3
9.O-O Bc5 10.Qc2 Bxe3 11.dxe3 O-O 12.Nc3 Re8 13.f3 Nbd7 14.Rf2 Rad8 15.Bd2 Ne5
16.Bxh3 Qxh3 17.Raf1 Nc4 18.Bc1 exf3 19.exf3 Nxe3 20.Bxe3 Rxe3 21.Rd2 Rde8
22.Rd4 Rxf3  0-1

[Event "128th ch-NYS"]
[Site "Colonie USA"]
[Date "2006.09.03"]
[Round "4"]
[White "Owen,S"]
[Black "Aaron,M"]
[Result "1-0"]
[WhiteElo "2096"]
[BlackElo "2315"]

1.c4 e5 2.g3 Nc6 3.Bg2 Nf6 4.Nc3 Bc5 5.a3 a5 6.e3 d6 7.Nge2 Bb6 8.O-O Be6
9.Nd5 Ba7 10.b4 O-O 11.b5 Bxd5 12.cxd5 Ne7 13.Nc3 Nd7 14.Bb2 f5 15.f4 exf4
16.gxf4 Ng6 17.Na4 Nf6 18.Bxf6 Qxf6 19.Rc1 Qe7 20.Rc3 Nh4 21.Qc2 Nxg2 22.Kxg2 Qf7
23.Rxc7 Qxd5+ 24.Kf2 Rf7 25.Rxf7 Qxf7 26.b6 Bb8 27.Qc8+ Qf8 28.Rc1 g6 29.Qxb7  1-0

[Event "5th Kesarovski - Georgiev Mem"]
[Site "Sunny Beach BUL"]
[Date "2006.09.04"]
[Round "3"]
[White "Serafimov,Di"]
[Black "Dimitrov,Pa"]
[Result "0-1"]
[WhiteElo "2157"]
[BlackElo "2293"]

1.c4 e5 2.g3 d6 3.Bg2 f5 4.d3 Nf6 5.Nc3 Be7 6.e3 c6 7.f4 exf4 8.exf4 O-O
9.Nf3 Be6 10.O-O h6 11.Re1 Bf7 12.Nd4 g6 13.Ne6 Bxe6 14.Rxe6 Nbd7 15.h3 Rf7
16.Kh2 Bf8 17.d4 Kh7 18.Bd2 h5 19.Bf3 Bg7 20.Qc2 Nf8 21.Re2 d5 22.cxd5 cxd5
23.Qb3 Rd7 24.Rd1 Ne4 25.Bxe4 dxe4 26.Be3 Rc8 27.Red2 Qc7 28.Nb5 Qa5 29.d5 b6
30.Bd4 Bxd4 31.Rxd4 a6 32.Nc3 Qc5 33.h4 Rd6 34.Kg2 Nd7 35.a3 Nf6 36.Qb4 Ng4
37.Re1 b5 38.Qxc5 Rxc5 39.a4 bxa4 40.Rxa4 Rc7 41.Ra5 Rc4 42.Re2 Rb4 43.Rc5 Rdb6
44.Nd1 Rd4 45.Nc3 Rb7 46.Kf1 Rd3 47.Kg2 Rd7 48.Ra5 Rd6 49.Rc5 Ne3+ 50.Kf2 Nxd5
51.Na2 Rf3+ 52.Kg2 Ne3+ 53.Kh3 Nf1 54.Rc3 Nxg3 55.Rg2 Ne2+ 56.Rxf3 exf3 57.Rf2 Rd4
58.Rxf3 Ng1+  0-1

[Event "5th Kesarovski - Georgiev Mem"]
[Site "Sunny Beach BUL"]
[Date "2006.09.04"]
[Round "3"]
[White "Marrero,M"]
[Black "Arnaudov,P"]
[Result "0-1"]
[WhiteElo "1892"]
[BlackElo "2189"]

1.c4 e5 2.g3 c6 3.Bg2 d5 4.cxd5 cxd5 5.d4 e4 6.Nc3 Nc6 7.Qb3 Nxd4 8.Qxd5 Nc2+
9.Kf1 Nxa1 10.Bxe4 Qxd5 11.Nxd5 Bd6  0-1

[Event "FSGM September"]
[Site "Budapest HUN"]
[Date "2006.09.06"]
[Round "5"]
[White "Fogarasi,T"]
[Black "Haznedaroglu,K"]
[Result "1/2-1/2"]
[WhiteElo "2435"]
[BlackElo "2454"]

1.c4 e5 2.g3 Nc6 3.Bg2 g6 4.Nc3 Bg7 5.Rb1 a5 6.a3 f5 7.b4 axb4 8.axb4 Nf6
9.e3 O-O 10.Nge2 e4 11.d3 exd3 12.Qxd3 Ne5 13.Qc2 d6 14.O-O c6 15.c5 dxc5
16.b5 Be6 17.bxc6 bxc6 18.Rd1 Qc7 19.Na4 c4 20.Nc5 Bf7 21.Bb2 Nd5 22.Bxe5 Bxe5
23.Rb7 Qc8 24.Rxf7 Rxf7 25.Qxc4 Ra1 26.Rxa1 Bxa1 27.Bxd5 cxd5 28.Qxd5 Bf6
29.Nf4 Kg7  1/2-1/2

[Event "3rd Open"]
[Site "Kalamaria GRE"]
[Date "2006.09.06"]
[Round "9"]
[White "Stanojoski,Z"]
[Black "Oreopoulos,K"]
[Result "0-1"]
[WhiteElo "2481"]
[BlackElo "2241"]

1.c4 e5 2.g3 Nc6 3.Bg2 f5 4.Nc3 Nf6 5.d3 Bb4 6.Bd2 d6 7.Nd5 Bxd2+ 8.Qxd2 O-O
9.e3 Ne7 10.Ne2 c6 11.Nxf6+ Rxf6 12.f4 Ng6 13.d4 exf4 14.exf4 Be6 15.d5 Bd7
16.O-O c5 17.Rae1 b5 18.cxb5 Bxb5 19.Rf2 Nf8 20.Nc3 Ba6 21.Rf3 Rb8 22.Nd1 Rb4
23.Rfe3 Rf7 24.a3 Rd4 25.Qc2 g5 26.Re8 Qf6 27.R1e6 Qg7 28.Ne3 Bd3 29.Qf2 gxf4
30.gxf4 Be4 31.Kh1 Bxg2+ 32.Nxg2 Rxd5 33.Re3 Rd1+ 34.Ne1 Qd4 35.Qg2+ Kh8
36.Rg3 h6 37.Qe2 Qd2 38.Qe6 Qd5+ 39.Qxd5 Rxd5 40.b4 cxb4 41.axb4 Rd4 42.Nd3 Kh7
43.Rh3 Ng6 44.Re6 Re7 45.Rf6 Rxd3 46.Rxd3 Re1+ 47.Kg2 Nxf4+ 48.Kf3 Nxd3 49.Rxd6 Nxb4  0-1

[Event "ch-EU"]
[Site "Liverpool ENG"]
[Date "2006.09.06"]
[Round "1"]
[White "Lund,B"]
[Black "Shaw,J"]
[Result "1-0"]
[WhiteElo "2249"]
[BlackElo "2473"]

1.g3 e5 2.c4 Nf6 3.Bg2 h6 4.Nc3 Bb4 5.e4 Nc6 6.Nge2 d6 7.a3 Bxc3 8.Nxc3 Be6
9.d3 Qd7 10.h3 g5 11.Nd5 Bxd5 12.cxd5 Nd4 13.Be3 O-O-O 14.Rc1 Kb8 15.Bxd4 exd4
16.Rc4 h5 17.Rxd4 h4 18.g4 Qe7 19.Qd2 Qe5 20.Qe3 Rhe8 21.O-O Rc8 22.Ra4 b6
23.d4 Qf4 24.Qd3 Re7 25.e5 dxe5 26.Qa6 c6 27.dxc6 e4 28.d5 Rd8 29.Rd1 Rxd5
30.Rxd5 Nxd5 31.Rxe4 Qc7 32.Rxe7 Nxe7 33.Qc4 f6 34.Qe6 Qe5 35.Qd7 Qc7 36.Qe8+ Nc8
37.Be4 Qe5 38.Qd7 Qc7 39.Qe8 Qe5 40.Qd7 Qc7 41.Qe6 Qe5 42.Qf7 Qe7 43.Qd5 Kc7
44.Bf3 Qd6 45.Qc4 Ne7 46.b4 Qf4 47.Qe6 Qd6 48.Qf7 b5 49.a4 bxa4 50.b5 Kb6
51.Qc4 Qc5 52.Qxa4 Qxb5 53.Qd4+ Qc5 54.Qd8+ Kb5 55.c7 a5 56.Qxe7 Qxe7 57.c8=Q a4
58.Qc3 a3 59.Qb3+ Qb4 60.Qxb4+ Kxb4 61.Bd5  1-0

[Event "5th Kesarovski - Georgiev Mem"]
[Site "Sunny Beach BUL"]
[Date "2006.09.08"]
[Round "7"]
[White "Serafimov,Di"]
[Black "Todorov,O"]
[Result "1-0"]
[WhiteElo "2157"]
[BlackElo "2314"]

1.c4 e5 2.g3 Nf6 3.Bg2 h6 4.Nc3 Bb4 5.Qb3 Bc5 6.e3 Nc6 7.Nge2 O-O 8.d3 d6
9.O-O a6 10.a3 Ba7 11.Bd2 Rb8 12.Qc2 Bf5 13.Rac1 Qd7 14.Nd5 Ne8 15.b4 Nd8
16.e4 Bg4 17.Be3 Bxe3 18.fxe3 c6 19.Ndc3 Nf6 20.Kh1 Nh7 21.Ng1 Ng5 22.Rf2 a5
23.b5 Nde6 24.h3 Bh5 25.g4 Bg6 26.h4 Nh7 27.h5 Nf6 28.hxg6 Nxg4 29.Rf3 Ng5
30.Rg3 fxg6 31.Qe2 Nf2+ 32.Kh2 Rf6 33.Nf3 Rxf3 34.Bxf3  1-0

[Event "5th Kesarovski - Georgiev Mem"]
[Site "Sunny Beach BUL"]
[Date "2006.09.08"]
[Round "7"]
[White "Lao,L"]
[Black "Tzekov,S"]
[Result "0-1"]
[WhiteElo "1931"]
[BlackElo "2186"]

1.c4 e5 2.g3 g6 3.Nc3 Bg7 4.Nf3 d6 5.Bg2 Nc6 6.O-O f5 7.Rb1 Nf6 8.b4 O-O
9.b5 Ne7 10.Bb2 h6 11.d4 e4 12.Ne1 d5 13.cxd5 Nexd5 14.Nc2 Be6 15.a3 g5 16.Nxd5 Nxd5
17.Ne3 Nb6 18.Qc2 Qd7 19.Rfd1 Qf7 20.Rdc1 Rac8 21.h3 h5 22.Nd1 Ba2 23.Ra1 Bb3
24.Qd2 Nc4 25.Qxg5 Bxd1 26.Rxc4 Bxe2 27.Rc5 b6 28.Rc6 Bxb5 29.Rg6 Be8 30.Rh6 Qb3
31.Bc1 Qd5 32.Be3 Qd8 33.Rxh5 Bxh5 34.Qxh5 c5 35.Rd1 c4  0-1

[Event "3rd LGA Premium Cup"]
[Site "Nuernberg GER"]
[Date "2006.09.09"]
[Round "5"]
[White "Loew,G"]
[Black "Vogiatzis,D"]
[Result "1/2-1/2"]
[WhiteElo "2261"]
[BlackElo "2047"]

1.c4 e5 2.g3 Nc6 3.Bg2 f5 4.Nc3 Nf6 5.d3 d6 6.e4 Be7 7.Nge2 O-O 8.O-O Qe8
9.Nd5 Bd8 10.f3 Ne7 11.Be3 c6 12.Nxf6+ Rxf6 13.Qd2 Be6 14.b3 h6 15.Qb4 Qd7
16.Rad1 b6 17.Qd2 c5 18.Nc3 Rb8 19.Nd5 Rf7 20.b4 Nc6 21.b5 Nd4 22.f4 a6 23.a4 axb5
24.axb5 Bxd5 25.exd5 Bf6 26.Bxd4 cxd4 27.Ra1 Qc7 28.fxe5 Bxe5 29.Bh3 Rbf8
30.g4 fxg4 31.Bxg4 Rxf1+ 32.Rxf1 Rxf1+ 33.Kxf1 Qf7+ 34.Ke1  1/2-1/2

[Event "3rd LGA Premium Cup"]
[Site "Nuernberg GER"]
[Date "2006.09.10"]
[Round "7"]
[White "Loew,G"]
[Black "Seidel,M"]
[Result "1-0"]
[WhiteElo "2261"]
[BlackElo "2084"]

1.c4 e5 2.g3 g6 3.Bg2 Bg7 4.Nc3 Nc6 5.e4 d6 6.Nge2 Nge7 7.d3 O-O 8.O-O f5
9.Nd5 h6 10.Be3 Kh7 11.Qd2 a5 12.Rae1 Bd7 13.f4 Rf7 14.b3 Nxd5 15.cxd5 Ne7
16.fxe5 dxe5 17.d4 Qf8 18.dxe5 Bxe5 19.Bf4 Qg7 20.Bxe5 Qxe5 21.Qc3 Qxc3 22.Nxc3 Rg8  1-0

[Event "ch-EU"]
[Site "Liverpool ENG"]
[Date "2006.09.11"]
[Round "6"]
[White "Peacock,M"]
[Black "Legge,A"]
[Result "1-0"]
[WhiteElo "2079"]
[BlackElo "1717"]

1.c4 e5 2.g3 Nf6 3.Bg2 d5 4.cxd5 Nxd5 5.Nf3 Nc6 6.O-O Nb6 7.d3 Be7 8.Nbd2 O-O
9.a3 a5 10.b3 Be6 11.Bb2 f6 12.Rc1 Rf7 13.Qc2 Bf8 14.Rfd1 Rd7 15.Nc4 Nxc4
16.bxc4 a4 17.Rb1 Ra7 18.Nd2 Bc5 19.Ne4 Be7 20.e3 Bf5 21.Qc3 Qe8 22.d4 Qg6
23.Qc2 exd4 24.exd4 Nd8 25.Qe2 b6 26.Rbc1 Bf8 27.Rc3 Re7 28.Re3 Kh8 29.Re1 c6
30.d5 cxd5 31.cxd5 Re8 32.Bd4 Rae7 33.Bxb6 Bg4 34.f3 f5 35.fxg4 Rxe4 36.Qb5 Rxe3
37.Rxe3 Rxe3 38.Bxe3 Bxa3 39.Qxa4 Qd6 40.Qe8+ Qf8 41.Qxf8+ Bxf8 42.gxf5 Nf7
43.Kf2 Nd6 44.g4 h5 45.h3 Be7 46.Kf3 hxg4+ 47.hxg4 Kg8 48.Bf1 Kf7 49.Bd3 Kf6
50.Bd4+ Kf7 51.Kf4 Bf6 52.Be5 Ke7 53.g5 Bxe5+ 54.Kxe5 Nf7+ 55.Kf4 Nd6 56.Be2 Nf7
57.Bh5 Nd6 58.Ke5 Nc4+ 59.Kd4 Nd6 60.Bg6 Kd7 61.f6 gxf6 62.gxf6 Nb7 63.Ke5 Nd8
64.Bh5 Nb7 65.Bf7 Nd8 66.Be6+ Ke8 67.Kd6 Nb7+ 68.Kc6 Na5+ 69.Kc7 Nc4 70.d6 Ne5
71.f7+ Kf8 72.d7  1-0

[Event "ch-EU"]
[Site "Liverpool ENG"]
[Date "2006.09.13"]
[Round "8"]
[White "Lund,B"]
[Black "Taylor,Mart"]
[Result "1-0"]
[WhiteElo "2249"]
[BlackElo "2332"]

1.c4 e5 2.g3 Nc6 3.Bg2 g6 4.Nc3 Bg7 5.e3 d6 6.Nge2 f5 7.d3 Nf6 8.O-O O-O
9.Rb1 a5 10.a3 Be6 11.Nd5 Qd7 12.b4 axb4 13.axb4 Nd8 14.b5 Bf7 15.Qc2 Nxd5
16.cxd5 Ra5 17.Qc4 c6 18.Nc3 cxd5 19.Nxd5 Ne6 20.Bd2 Ra7 21.Ra1 Rxa1 22.Rxa1 Nc5
23.Ra7 e4 24.d4 Nd3 25.b6 Rd8 26.Ra5 Kf8 27.f3 Rc8 28.Qb3 Nc1 29.Qd1 Bxd5
30.Rxd5 Qe6 31.fxe4 fxe4 32.Qf1+ Ke7 33.Bh3 Qxd5 34.Bxc8 Nb3 35.Be1 Nxd4
36.exd4 Bxd4+ 37.Kh1 Qc6 38.Bh3 Bxb6 39.Bg2 d5 40.h4 Bc7 41.Qf2 Be5 42.Qe3 h5
43.Bb4+ Kf7 44.Be1 Kg7 45.Bf2 Qf6 46.Qa7 Qc6 47.Qa3 Qd6 48.Qb3 Qc6 49.Kh2 Kh7
50.Qb4 Qc7 51.Qf8 Bg7 52.Qe8 Qe5 53.Qb5 Qb2 54.Qxb2 Bxb2 55.Bb6 Kh6 56.Bh3 g5
57.Bc8 gxh4 58.gxh4 Be5+ 59.Kh3 d4 60.Bxb7 e3 61.Ba6 Kg6 62.Bd3+ Kf7 63.Ba5 Bd6
64.Kg2 Be7 65.Be1 Kg7 66.Kf3 Bc5 67.Ke4 Kf6 68.Kd5 Bb6 69.Bg3 Kf7 70.Be2 Kg6
71.Ke6 Bd8 72.Bd3+ Kg7 73.Kf5 Be7 74.Be5+ Kh6 75.Bf4+ Kg7 76.Bg5 Kf7 77.Bc4+ Kf8
78.Kg6 Bd6 79.Kxh5 Kg7 80.Kg4 Bc5 81.Kf5 Kh7 82.Kf6  1-0

[Event "EU-chB16"]
[Site "Herceg Novi MNE"]
[Date "2006.09.14"]
[Round "5"]
[White "Tereick,B"]
[Black "Zaslavsky,M"]
[Result "1-0"]
[WhiteElo "2262"]
[BlackElo "2172"]

1.c4 e5 2.g3 g6 3.d4 Bg7 4.dxe5 Bxe5 5.Nc3 Bg7 6.Bg2 Nf6 7.Nh3 O-O 8.O-O Nc6
9.Qd2 d6 10.Nf4 Ng4 11.b3 Nge5 12.Bb2 Be6 13.Rad1 Qd7 14.Ncd5 Kh8 15.Nxe6 fxe6
16.Bh3 Nd8 17.f4 Nec6 18.e4 Qf7 19.f5 gxf5 20.exf5 exd5 21.f6 d4 22.fxg7+ Qxg7
23.Rxf8+ Qxf8 24.Rf1 Qg7 25.Qf4 Ne5 26.Bxd4 Ndc6 27.Bc3 Re8 28.Bg2 Nd8 29.Re1 Ndf7
30.Bxb7 Ng5 31.Kg2 Ne6 32.Qf5 Nc5 33.Bc6 Rf8 34.Qxf8+ Qxf8 35.Rxe5 dxe5 36.Bxe5+ Qg7
37.Bxg7+ Kxg7 38.b4 Nd3 39.a3 Ne1+ 40.Kf2 Nc2 41.Ba4 Nxa3 42.Bb3 Kf6 43.Ke3 Ke5
44.Kd3 Kd6 45.Kc3 a6 46.Kb2 Nxc4+ 47.Bxc4  1-0

[Event "TCh-FIN 2006-7"]
[Site "Tampere FIN"]
[Date "2006.09.17"]
[Round "2"]
[White "Lehtinen,H"]
[Black "Fieandt,J"]
[Result "1-0"]
[WhiteElo "2360"]
[BlackElo "2131"]

1.c4 e5 2.g3 Nc6 3.Bg2 d6 4.Nc3 Be6 5.d3 Qd7 6.Rb1 g6 7.b4 Bg7 8.b5 Nd8 9.e3 Ne7
10.Nd5 O-O 11.Ne2 Nc8 12.e4 c6 13.bxc6 bxc6 14.Ndc3 Ne7 15.O-O Nb7 16.Be3 d5
17.exd5 cxd5 18.Qb3 Na5 19.Qb5 d4 20.Bg5 Nec6 21.Ne4 Rab8 22.Qa4 Qc7 23.Nc5 Bc8
24.Bd2 Bg4 25.Na6  1-0

[Event "EU-chB16"]
[Site "Herceg Novi MNE"]
[Date "2006.09.18"]
[Round "8"]
[White "Tereick,B"]
[Black "Rasulov,V"]
[Result "1/2-1/2"]
[WhiteElo "2262"]
[BlackElo "2152"]

1.c4 e5 2.g3 Nf6 3.Bg2 d5 4.cxd5 Nxd5 5.Nc3 Nb6 6.Nf3 Nc6 7.Rb1 a5 8.d3 Be7
9.O-O Be6 10.b3 f6 11.Bb2 O-O 12.e3 Qd7 13.d4 exd4 14.Nxd4 Nxd4 15.Qxd4 Qxd4
16.exd4 c6 17.Rfe1 Kf7 18.Ne4 Bd5 19.Nc5 Bxg2 20.Kxg2 Bxc5 21.dxc5 Nd5 22.a3 Rfe8
23.Rbd1 a4 24.b4 Rxe1 25.Rxe1 Re8 26.Rxe8 Kxe8 27.Kf3 Kd7 28.Ke4 Ke6 29.Kd4 h5
30.Kc4 Kf5 31.f3 h4 32.Kd3 hxg3 33.hxg3 Ke6 34.Bd4 Nc7 35.Ke4 g6 36.Bc3 f5+
37.Kd3 Kd5 38.f4 Ne6 39.Bf6 Nf8 40.Bb2 Ne6 41.Bf6 Nc7 42.Bc3 Nb5 43.Bb2 Ke6
44.Kc4 Ke7 45.Kd3  1/2-1/2

[Event "19th Moratalaz Open"]
[Site "Madrid ESP"]
[Date "2006.09.18"]
[Round "1"]
[White "Suarez Mencia,R"]
[Black "Barria,D"]
[Result "0-1"]
[WhiteElo "1704"]
[BlackElo "2420"]

1.c4 e5 2.g3 c6 3.Bg2 Nf6 4.e3 d5 5.cxd5 cxd5 6.Ne2 Nc6 7.O-O Be7 8.Nbc3 O-O
9.d4 e4 10.a3 b6 11.b4 Bb7 12.Nf4 Qd6 13.Nb5 Qd7 14.Bh3 Qd8 15.Nc3 Qd6 16.Rb1 Rad8
17.Nb5 Qb8 18.Qb3 g5 19.Ne2 Bc8 20.Bg2 Bf5 21.Nbc3 Qd6 22.Qd1 Qe6 23.Nb5 Qd7
24.Bd2 h6 25.Nbc3 Rfe8 26.Qe1 Bf8 27.Nd1 Ne7 28.Rc1 Nc8 29.f3 exf3 30.Rxf3 Nd6
31.Nec3 Bg7 32.Rf1 Nc4 33.Ra1 Qe6 34.Ra2 Bd3 35.Rf3 Ne4 36.Nxe4 Bxe4 37.Rf2 Bxg2
38.Rxg2 Bxd4 39.Re2 Bg7 40.a4 d4 41.e4 d3 42.Rf2 Bd4 43.Ne3 Nxe3 44.Bxe3 Qxe4
45.Qc1 Rc8  0-1

[Event "EU-chB16"]
[Site "Herceg Novi MNE"]
[Date "2006.09.19"]
[Round "9"]
[White "Raisanen,K"]
[Black "Radnetter,G"]
[Result "1/2-1/2"]
[WhiteElo "2035"]
[BlackElo "1995"]

1.c4 e5 2.g3 Nf6 3.Bg2 d5 4.cxd5 Nxd5 5.Nc3 Nb6 6.d3 Be7 7.Nf3 Nc6 8.O-O O-O
9.a3 Re8 10.b4 Bf8 11.Bb2 a5 12.b5 Nd4 13.Rc1 a4 14.Nxd4 exd4 15.Ne4 Ra5
16.Qd2 Rxb5 17.Rc2 Be6 18.h4 c6 19.Ng5 Rb3 20.Nf3 Bxa3 21.Bxd4 Nd5 22.Ra2 c5
23.Bxg7 Kxg7 24.Rxa3 Rxa3 25.Qb2+ Rc3 26.Ng5 Qf6 27.Qxb7 Re7 28.Qc6 Qd4 29.Qd6 h6
30.e3 Qxd3 31.Qe5+ Kg8 32.Qb8+  1/2-1/2

[Event "Tatry Open"]
[Site "Tatranske Zruby SVK"]
[Date "2006.09.25"]
[Round "4"]
[White "Petran,Pe"]
[Black "Szurovszky,E"]
[Result "1-0"]
[WhiteElo "2326"]
[BlackElo "2239"]

1.g3 e5 2.c4 Nf6 3.Bg2 d6 4.Nc3 g6 5.Nf3 Bg7 6.O-O O-O 7.d4 Nbd7 8.h3 c6
9.e4 Qe7 10.b3 Nh5 11.Bg5 f6 12.Be3 f5 13.exf5 gxf5 14.Bg5 Qf7 15.Bh4 h6
16.d5 e4 17.Nd4 c5 18.Ndb5 Qg6 19.Rc1 Ne5 20.Nxd6 Nd3 21.Nxc8 Raxc8 22.Rc2 Nhf4
23.gxf4 Nxf4 24.Bg3 Nxg2 25.Kxg2 f4 26.Qg4 Qxg4 27.hxg4 fxg3 28.Nxe4 gxf2
29.Rcxf2 Rxf2+ 30.Rxf2 Bd4 31.Rf5 b6 32.Nd6 Rc7 33.Nb5 Rg7 34.Kf3 Bb2 35.Nd6 Re7
36.Rh5 Bc1 37.Nf5 Rh7 38.Ke4 Kf7 39.Ke5 Rh8 40.Kd6 Bf4+ 41.Kc6 Rc8+ 42.Kb7 Rc7+
43.Ka6 Kg6 44.Kb5 Rc8 45.Ne7+  1-0

[Event "15th TCh-CRO"]
[Site "Sibenik CRO"]
[Date "2006.09.27"]
[Round "6"]
[White "Plenkovic,Z"]
[Black "Zelcic,R"]
[Result "1/2-1/2"]
[WhiteElo "2325"]
[BlackElo "2563"]

1.c4 e5 2.g3 Nf6 3.Bg2 d5 4.cxd5 Nxd5 5.Nc3 Nb6 6.Nf3 Nc6 7.O-O Be7 8.d3 O-O
9.a4 a6 10.a5 Nd7 11.Nd5 Bd6 12.d4 Nxd4 13.Nxd4 exd4 14.Qxd4 Nc5 15.Qc3 Nd7
16.Rd1 c6 17.Nb6 Nxb6 18.Bf4 Nd5 19.Bxd5 cxd5 20.Rxd5 Bh3 21.Rxd6 Qe7 22.Qe3 Be6
23.Rad1 Rfe8 24.Qb6 h6 25.R6d2 Rac8 26.f3 Rc6 27.Qe3 Rcc8 28.Bd6 Qf6 29.Qd4 Qf5
30.Bb4 Bb3 31.Re1 Qg5 32.Bc3 Rc4 33.Qd3 Rcc8 34.e4 Red8 35.Qe3 Rxd2 36.Bxd2 Qb5
37.Bc3 Rd8 38.Kg2 Rd3 39.Qf4 Be6 40.g4 h5 41.g5 Qc5 42.Rc1 Re3 43.Rc2 Re1
44.Bxe1 Qxc2+ 45.Qd2 Qc8 46.h4 Bh3+ 47.Kg1 Qc4 48.Qf2 Qc1 49.Kh2 Be6 50.Bc3 Qd1
51.Qd4 Qxd4 52.Bxd4 g6 53.Bc5 Bb3 54.Kg3 Bd1 55.Kf4 Kg7 56.Be7 Kg8 57.Ke3 Kg7
58.f4 Bc2 59.Kd4 Kg8 60.Ke5 Bd3 61.Bb4 Bb1 62.f5 gxf5 63.exf5 Bc2 64.Bc5 Bd3
65.Kf6 Bc2 66.Bd6 Bd3 67.Ba3 Bc2 68.Bb4 Bd3 69.Ke5 Bc2 70.f6 Kh7  1/2-1/2

[Event "Tatry Open"]
[Site "Tatranske Zruby SVK"]
[Date "2006.09.28"]
[Round "7"]
[White "Petran,Pe"]
[Black "Markos,J"]
[Result "1-0"]
[WhiteElo "2326"]
[BlackElo "2526"]

1.g3 e5 2.c4 Nf6 3.Bg2 Nc6 4.d3 Bc5 5.Nc3 O-O 6.e3 d6 7.Nge2 Bf5 8.h3 Qd7
9.g4 Bg6 10.Ng3 Nb4 11.e4 a5 12.O-O c6 13.Kh1 d5 14.a3 dxc4 15.axb4 axb4
16.Rxa8 Rxa8 17.Na4 Bd4 18.dxc4 b5 19.cxb5 cxb5 20.g5 bxa4 21.gxf6 Qa7 22.Nf5 Bxf5
23.exf5 Rd8 24.Be3 gxf6 25.Bc6 a3 26.Bh6 Kh8 27.Rg1 Qc5 28.Qg4 Qxc6+ 29.Kh2  1-0

[Event "15th TCh-CRO"]
[Site "Sibenik CRO"]
[Date "2006.09.29"]
[Round "8"]
[White "Hulak,K"]
[Black "Cebalo,M"]
[Result "1/2-1/2"]
[WhiteElo "2536"]
[BlackElo "2505"]

1.g3 e5 2.c4 Nf6 3.Bg2 d5 4.cxd5 Nxd5 5.Nc3 Nb6 6.Nf3 Nc6 7.O-O Be7 8.d3 O-O
9.Be3 Bg4 10.h3 Bh5 11.Na4  1/2-1/2

[Event "Goodbye Summer Open"]
[Site "Omis CRO"]
[Date "2006.10.04"]
[Round "1"]
[White "Poropat,M"]
[Black "Zelcic,R"]
[Result "0-1"]
[WhiteElo "2123"]
[BlackElo "2556"]

1.c4 e5 2.g3 Nf6 3.Bg2 c6 4.d4 Bb4+ 5.Nc3 Qa5 6.Qd3 exd4 7.Qxd4 O-O 8.Bd2 d5
9.a3 c5 10.Qf4 d4 11.Nb5 Bxd2+ 12.Qxd2 Qd8 13.Qf4 Ne8 14.Rd1 Qb6 15.b4 a6
16.Nxd4 cxd4 17.Nf3 a5 18.c5 Qf6 19.b5 Nd7 20.Rc1 Qe7 21.Qxd4 Nc7 22.a4 Re8
23.O-O Ne6  0-1

[Event "Open"]
[Site "Winterthur SUI"]
[Date "2006.10.10"]
[Round "5"]
[White "Zambo,Z"]
[Black "Filipovic,Br"]
[Result "0-1"]
[WhiteElo "2204"]
[BlackElo "2400"]

1.g3 e5 2.c4 Nf6 3.Bg2 c6 4.d4 Bb4+ 5.Bd2 Bxd2+ 6.Qxd2 d6 7.Nc3 O-O 8.e3 Qe7
9.Nge2 Re8 10.e4 Bg4 11.f3 Be6 12.d5 cxd5 13.Nxd5 Nxd5 14.cxd5 Bd7 15.Nc3 Na6
16.O-O Qd8 17.Kh1 Qb6 18.f4 f6 19.Rab1 Rac8 20.Rf2 Rxc3  0-1

[Event "XI WCh-Blind"]
[Site "Goa IND"]
[Date "2006.10.16"]
[Round "7"]
[White "Zoltek,T"]
[Black "Draghici,G"]
[Result "1-0"]
[WhiteElo "2239"]
[BlackElo "2095"]

1.c4 e5 2.g3 Nc6 3.Bg2 Bc5 4.Nc3 a6 5.d3 Nge7 6.e3 O-O 7.Nge2 Ba7 8.Rb1 d6
9.b4 Be6 10.O-O Qd7 11.Nd5 Ng6 12.a4 Nd8 13.b5 axb5 14.axb5 c6 15.Ndc3 Bh3
16.b6 Bb8 17.e4 Bxg2 18.Kxg2 f5 19.f4 Ne6 20.fxe5 fxe4 21.Rxf8+ Ngxf8 22.d4 dxe5
23.d5 Nc5 24.Be3 Bd6 25.Bxc5 Bxc5 26.Nxe4 Be3 27.Rb3 Bd4 28.Nxd4 exd4 29.Qxd4 Ra2+
30.Nf2 cxd5 31.cxd5 Ne6 32.Qc4 Ng5 33.d6+ Kh8 34.g4 h5 35.Rb5 Rxf2+ 36.Kxf2 Ne4+
37.Ke3 Nxd6 38.Rxh5+  1-0

[Event "WYG18"]
[Site "Batumi GEO"]
[Date "2006.10.22"]
[Round "4"]
[White "Franciskovic,B"]
[Black "Purtseladze,M"]
[Result "1/2-1/2"]
[WhiteElo "2185"]
[BlackElo "2329"]

1.c4 e5 2.g3 c6 3.d4 exd4 4.Qxd4 d5 5.Bg2 Nf6 6.Nf3 Be7 7.cxd5 cxd5 8.Nc3 Nc6
9.Qa4 O-O 10.Be3 Qa5 11.O-O Qxa4 12.Nxa4 Ne4 13.Rfd1 Be6 14.Rac1 Rac8 15.Nd4 Nxd4
16.Bxd4 b6 17.Nc3 Rfd8 18.Nb5 a6 19.Na7 Rxc1 20.Rxc1 Bc5 21.Bxc5 Nxc5 22.Nc6 Rd6
23.Nd4 a5 24.Nb5 Rd8 25.Nd4 Kf8 26.Bf1 g6 27.e3 Rc8 28.a3 a4 29.Bb5 Rd8 30.Rd1 Rc8
31.Rc1 Rd8 32.Rd1 Rc8 33.Rc1  1/2-1/2